000 01036nam a22002177a 4500
999 _c59720
_d59720
003 Ge_BSU
005 20230406102349.0
008 230406s1988 ge ||||| |||| 00| 0 geo d
041 _ageo
080 _a821.353.1(092ჭავჭავაძე, ი.) ი-44
245 _aილია ჭავჭავაძე 150 /
_b[კრებული].
264 _aპარიზი :
_bქართულ-ევროპული ინსტიტუტი,
_c1988.
300 _a144 გვ. ;
_b20 სმ.
500 _aპარალელური თავფურცელი ფრანგულ ენაზე.
653 _aჭავჭავაძე ილია., 1837-1907
653 _aქართველი მწერლები
700 _aკედია, სპირიდონ
_eავტორი
_917508
700 _aამირეჯიბი, შალვა
_eავტორი
_917509
700 _aწერეთელი, მიხაკო
_eავტორი
_917510
942 _2udc
_cBK